000 01997cam a2200373 a 4500
999 _c20238
_d20238
001 15415787
005 20170118160512.0
008 080818s2008 enka b 001 0 eng
010 _a 2008036355
015 _aGBA887722
_2bnb
016 7 _a014668063
_2Uk
020 _a0199266468 (alk. paper)
020 _a9780199266463 (alk. paper)
020 _a0199266476 (pbk. : alk. paper)
020 _a9780199266470 (pbk. : alk. paper)
035 _a(OCoLC)ocn229023676
040 _aDLC
_cDLC
_dUKM
_dBTCTA
_dBAKER
_dYDXCP
_dBWKUK
_dBWK
_dBWX
_dIXA
_dCDX
_dNLGGC
_dDLC
050 0 0 _aBD413
_b.Y33 2008
100 1 _aYablo, Stephen.
245 1 0 _aThoughts :
_bpapers on mind, meaning, and modality /
_cStephen Yablo.
260 _aOxford ;
_aNew York :
_bOxford University Press,
_c2008.
300 _a327 p. :
_bill. ;
_c25 cm.
504 _aIncludes bibliographical references and index.
505 0 _aThe real distinction between mind and body -- Is conceivability a guide to possibility? -- Textbook kripkeanism and the open texture of concepts -- Coulda, woulda, shoulda -- No fool's cold : notes on illusions of possibility -- Beyond rigidification : the importance of being really actual -- How in the world? -- Mental causation -- Singling out properties -- Wide causation -- Causal relevance : mental, moral, and epistemic.
650 0 _aPhilosophy of mind.
650 0 _aMind and body.
650 0 _aCausation.
856 4 1 _3Table of contents only
_uhttp://www.loc.gov/catdir/toc/ecip0826/2008036355.html
942 _2lcc
_cBOOKS
_hBD413 .Y33 2008